Drapeaux difficiles - Statistiques

Statistiques générales
  • Ce quiz a été pris 137 fois
  • Le résultat moyen est 10 sur 12
Statistiques - réponses
Par images Réponse % Correct
Bhoutan
99%
Arménie
93%
Sri Lanka
93%
Andorre
92%
Ouganda
92%
Haïti
89%
Liechtenstein
89%
Comores
84%
Lesotho
83%
Malawi
83%
Belize
80%
Nauru
72%
Aucun quiz correspondant
Distribution des résultats
% des personnes avec chaque résultat
Percentile par nombre de réponses
Votre historique - résultats
Vous n’avez pas pris ce quiz